South Eastern Kenya University

Library Online Public Access Catalogue


Organizational behavior / (Record no. 18555)

MARC details
000 -LEADER
fixed length control field 00577nam a22002057a 4500
003 - CONTROL NUMBER IDENTIFIER
control field OSt
005 - DATE AND TIME OF LATEST TRANSACTION
control field 20250521082403.0
008 - FIXED-LENGTH DATA ELEMENTS--GENERAL INFORMATION
fixed length control field 250521b |||||||| |||| 00| 0 eng d
020 ## - INTERNATIONAL STANDARD BOOK NUMBER
International Standard Book Number 9788131760932
040 ## - CATALOGING SOURCE
Original cataloging agency SEKU
100 ## - MAIN ENTRY--PERSONAL NAME
Personal name Robbins, Stephen P.
245 ## - TITLE STATEMENT
Title Organizational behavior /
Statement of responsibility, etc. Stephen P. Robbins.
250 ## - EDITION STATEMENT
Edition statement 14th ed.
260 ## - PUBLICATION, DISTRIBUTION, ETC. (IMPRINT)
Place of publication, distribution, etc. Delhi :
Name of publisher, distributor, etc. Prentice Hall,
Date of publication, distribution, etc. 2012.
300 ## - PHYSICAL DESCRIPTION
Extent 623 p. :
Other physical details ill.
650 ## - SUBJECT ADDED ENTRY--TOPICAL TERM
Source of heading or term Organizational behavior
700 ## - ADDED ENTRY--PERSONAL NAME
Personal name Judge, Timothy A.
700 ## - ADDED ENTRY--PERSONAL NAME
Personal name Vohra, Neharika
942 ## - ADDED ENTRY ELEMENTS (KOHA)
Source of classification or shelving scheme Library of Congress Classification
Koha item type General circulation
Classification part HD 58.7
Item part .R63 2012
Holdings
Withdrawn status Lost status Source of classification or shelving scheme Damaged status Not for loan Home library Current library Shelving location Date acquired Total Checkouts Full call number Barcode Date last seen Price effective from Koha item type
    Library of Congress Classification     Kitui Town Campus Library Kitui Town Campus Library General Stacks 21/05/2025   HD 58.7.R63 2024/028028 21/05/2025 21/05/2025 General circulation
    Library of Congress Classification     Kitui Town Campus Library Kitui Town Campus Library General Stacks 21/05/2025   HD 58.7.R63 2012 2024/028029 21/05/2025 21/05/2025 General circulation
Kitui, Kenya.
+254736116989
library@seku.ac.ke